| 000 | 00316nam a2200109Ia 4500 | ||
|---|---|---|---|
| 008 | 230907s9999||||xx |||||||||||||| ||und|| | ||
| 082 |
_a530 _bWAL |
||
| 245 | 0 | _aHalliday & Resnick fundamentals of physics / | |
| 260 |
_aWiley Plus Companion, John Wiley /& Sons, _bNew Jersey : _c2014 |
||
| 300 | _a208 p. | ||
| 942 | _cBK | ||
| 999 |
_c600868 _d600868 |
||